MARC

LEADER 00000nam0a2200000 4500
001 147094
005 20231101221254.0
010 |a 5020120332 
020 |a RU  |b 92-2339 
035 |a (RuTPU)RU\TPU\book\159438 
090 |a 147094 
100 |a 20081108d1991 m a0rusy5003 ca 
101 0 |a rus 
102 |a RU 
105 |a a z 001zy 
200 1 |a Методы оптимизации в экономико-математическом моделировании  |f Академия наук СССР (АН СССР), Центральный экономико-математический институт (ЦЭМИ) 
210 |a Москва  |c Наука  |d 1991 
215 |a 445 с.  |c ил. 
320 |a Библиография в конце глав. 
606 1 |a Оптимальные решения в экономике  |x Экономико-математические модели  |2 stltpush  |3 (RuTPU)RU\TPU\subj\70521  |9 84758 
610 1 |a оптимизационные методы 
610 1 |a экономика 
610 1 |a математическое моделирование 
610 1 |a экономическое моделирование 
686 |a Ув631.5  |2 rugasnti 
712 0 2 |a Академия наук СССР (АН СССР)  |b Центральный экономико-математический институт (ЦЭМИ)  |c (Москва)  |2 stltpush  |3 (RuTPU)RU\TPU\col\11797 
801 0 |a RU  |b RuMRKP  |c 19960705  |g psbo 
801 1 |a RU  |b 63413507  |c 20081108  |g PSBO 
801 2 |a RU  |b 63413507  |c 20221017  |g PSBO 
942 |c BK